000 00385nam a2200145Ia 4500
008 231129s2004||||xx |||||||||||||| ||spa||
020 _a84-08-05029-X
040 _bspa
082 _a922.22 S423h
100 _aHalter Marek
245 0 _aHeroí­nas de la biblia: Sara
260 _c2004
264 _aPlaneta Internacional
942 _2ddc
_cBKS
999 _c14994
_d14994